000 00291nam a22001337a 4500
008 170330b xxu||||| |||| 00| 0 eng d
020 _a0815165870
041 _aeng
080 _a616-053.2
100 _a8
101 _ashm
245 _aYEAR BOOK OF PEDIATRICS
_cSTOCKMAN
942 _2udc
_cBK
999 _c9115
_d9115